000 00376nam a2200145Ia 4500
008 210719s1958 xx 000 0 und d
041 _aeng
082 _a370.19 BRIS
100 _aBRIM (Orville G)
245 _aSociology and the field of education.
260 _aNY
_bRussell sage foundation
_c1958
300 _a93
_bPB
365 _cRs
650 _aSociology of Education
999 _c212680
_d212680